000 00314nam a22001457a 4500
008 230707b ||||| |||| 00| 0 eng d
020 _a9781455516711
041 _aeng
080 _a37
082 _a37TAR
100 _a44
101 _aENCI
245 _aBECOMING BEYONCE
_cTARABORRELLI.R.J
942 _2udc
_cBK
999 _c60127
_d60127